LEADER 00982nam a22002411i 4500 001 991001227079707536 005 20031024132508.0 008 040407s1994 it a||||||||||||||||ita 035 $ab12738177-39ule_inst 035 $aARCHE-071781$9ExL 040 $aDip.to Scienze Storiche$bita$cA.t.i. Arché s.c.r.l. Pandora Sicilia s.r.l. 082 04$a352.1646 100 1 $aBonfiglio Dosio, Giorgetta$0211723 245 13$aLa Sovrintendenza archivistica per il Veneto /$cGiorgetta Bonfiglio Dosio 260 $aVenezia :$b[s.n.],$c1994 300 $a93 p., [18] c. di tav. :$bill. ;$c24 cm 651 4$aVenezia$xSovrintendenza archivistica per il Veneto 907 $a.b12738177$b02-04-14$c16-04-04 912 $a991001227079707536 945 $aLE009 STOR.15-51$g1$i2009000101791$lle009$o-$pE0.00$q-$rl$s- $t0$u0$v0$w0$x0$y.i13273802$z16-04-04 996 $aSovrintendenza archivistica per il Veneto$9268929 997 $aUNISALENTO 998 $ale009$b16-04-04$cm$da $e-$fita$git $h3$i1 LEADER 04159nam 22006615 450 001 9910746977603321 005 20251113201621.0 010 $a981-9950-01-5 024 7 $a10.1007/978-981-99-5001-0 035 $a(MiAaPQ)EBC30771289 035 $a(Au-PeEL)EBL30771289 035 $a(PPN)272914363 035 $a(CKB)28461820800041 035 $a(OCoLC)1402019799 035 $a(DE-He213)978-981-99-5001-0 035 $a(EXLCZ)9928461820800041 100 $a20231004d2023 u| 0 101 0 $aeng 135 $aurcnu|||||||| 181 $ctxt$2rdacontent 182 $cc$2rdamedia 183 $acr$2rdacarrier 200 10$aComputational Methods for Biological Models /$fedited by Harendra Singh, Hemen Dutta 205 $a1st ed. 2023. 210 1$aSingapore :$cSpringer Nature Singapore :$cImprint: Springer,$d2023. 215 $a1 online resource (254 pages) 225 1 $aStudies in Computational Intelligence,$x1860-9503 ;$v1109 311 08$aPrint version: Singh, Harendra Computational Methods for Biological Models Singapore : Springer Singapore Pte. Limited,c2023 9789819950003 320 $aIncludes bibliographical references. 327 $a1. Exponential time-differencing method for the solution of diffusive HIV model -- 2. An effective technique for solving a model describing biological species living together -- 3. Neuro-Swarming Integrated Heuristic with an Interior-Point Scheme for Novel design of Lane-Emden Nonlinear Prediction Singular Differential Model -- 4. A fitted operator method for a system of delay model of tumor cells dynamics within their micro-environment -- 5. A Mathematical Model to Study Regulatory Properties and Dynamical Behaviour of Glycolytic Pathway using Bifurcation Analysis -- 6. On solutions of fractional biological models using reproducing kernel Hilbert space method -- 7. An operational matrix based method to find the solution of the fractional tumour immune vitamins model -- 8. Analysis of a fractional stage-structured model with Crowley-Martin type functional response by Lagrange polynomial based method -- 9. Qualitative Theory and Approximate Solution to Typhoid Fever Model Subject to Non Singular Kernel Type Derivative -- 10. Study of the SIRI epidemic model described by the Caputo derivative -- 11. Unlocking Biological systems through mathematical Modelling -- 12. Implementation of vaccination in epidemic model for COVID-19. 330 $aThis book discusses computational methods related to biological models using mathematical tools and techniques. The book chapters concentrate on numerical and analytical techniques that provide a global solution for biological models while keeping long-term benefits in mind. The solutions are useful in closely understanding biological models, and the results will be very useful for mathematicians, engineers, doctors, scientists and researchers working on real-life biological models. This book provides significant and current knowledge of biological models related to real-life applications. The book covers both methods and applications. 410 0$aStudies in Computational Intelligence,$x1860-9503 ;$v1109 606 $aComputational intelligence 606 $aComputer simulation 606 $aNeural networks (Computer science) 606 $aBiological models 606 $aComputational Intelligence 606 $aComputer Modelling 606 $aMathematical Models of Cognitive Processes and Neural Networks 606 $aBiological Models 615 0$aComputational intelligence. 615 0$aComputer simulation. 615 0$aNeural networks (Computer science) 615 0$aBiological models. 615 14$aComputational Intelligence. 615 24$aComputer Modelling. 615 24$aMathematical Models of Cognitive Processes and Neural Networks. 615 24$aBiological Models. 676 $a570.151 702 $aSingh$b Harendra 702 $aDutta$b Hemen 801 0$bMiAaPQ 801 1$bMiAaPQ 801 2$bMiAaPQ 906 $aBOOK 912 $a9910746977603321 996 $aComputational Methods for Biological Models$93586446 997 $aUNINA